| 000 | 00364cam a22001097a 4500 | ||
|---|---|---|---|
| 008 | 180718b-- xxu||||| |||| 00| 0 eng d | ||
| 082 | _aT068x54 In2 | ||
| 245 |
_aDifferential birth, death and infant mortality: rates in rural households _cby Cabinet Secretariat |
||
| 260 |
_aNew Delhi _bGovernment of India _c-- |
||
| 300 | _av.p. | ||
| 700 | _aIndia. Cabinet Secretariat | ||
| 999 |
_c497125 _d497125 |
||